000 00346nam a22001577a 4500
003 SGT
020 _a978-9386-44-613-8
082 _a302
_bE14C
100 _aCRISP, RICHARD J.
245 _aESSENTIAL OF SOCIAL PSYCHOLOGY
250 _a3RD
260 _aINDIA
_bSAGE PUB.
_c2014
300 _a348
650 _aPSYCHOLOGY
942 _2ddc
_cBK
999 _c20102
_d20102